[Event "18th Charleroi Open-A 2019"]
[Site "Charleroi"]
[Date "2019.07.29"]
[Round "4.30"]
[White "Barbier, Astrid"]
[Black "De Block, Fabio"]
[Result "1/2-1/2"]
[WhiteElo "1941"]
[BlackElo "2039"]
[Annotator "NA"]
[PlyCount "59"]
[EventDate "2019.07.22"]
[EventType "swiss"]
[EventCountry "BEL"]
[SourceTitle "playchess.com"]
[Source "ChessBase"]
[SourceQuality "1"]
[TimeControl "40/5400+30:1800+30"]

1. e4 {[%emt 0:00:00]} c6 {[%emt 0:00:00]} 2. d4 {[%emt 0:00:00]} d5 {[%emt 0:00:00]} 3. exd5 {[%emt 0:00:50]} cxd5 {[%emt 0:00:00]} 4. Bd3 {[%emt 0:00:10]} Nc6 {[%emt 0:00:00]} 5. c3 {[%emt 0:00:22]} Qc7 {[%emt 0:00:03]} 6. Nf3 {[%emt 0:02:19]} Bg4 {[%emt 0:00:08]} 7. h3 {[%emt 0:00:16]} Bh5 {[%emt 0:05:15]} 8. g4 {[%emt 0:11:54]} Bg6 {[%emt 0:01:03]} 9. Be3 {[%emt 0:10:37]} Nf6 {[%emt 0:03:21]} 10. Nh4 {[%emt 0:13:47]} Be4 {[%emt 0:05:18]} 11. Bxe4 {[%emt 0:03:32]} Nxe4 {[%emt 0:00:09]} 12. Nd2 {[%emt 0:00:33]} Nxd2 {[%emt 0:01:42]} 13. Qxd2 {[%emt 0:00:19]} e6 {[%emt 0:00:30]} 14. Bf4 {[%emt 0:01:05]} Bd6 {[%emt 0:00:59]} 15. Bxd6 {[%emt 0:04:31]} Qxd6 {[%emt 0:00:06]} 16. Ng2 {[%emt 0:04:42]} b5 {[%emt 0:09:40]} 17. Nf4 {[%emt 0:11:14]} b4 {[%emt 0:03:24]} 18. Rc1 {[%emt 0:06:29]} O-O {[%emt 0:06:13]} 19. O-O {[%emt 0:01:03]} a5 {[%emt 0:03:05]} 20. Ne2 {[%emt 0:01:52]} f5 {[%emt 0:05:32]} 21. Qf4 {[%emt 0:04:54]} Qe7 {[%emt 0:07:10]} 22. g5 {[%emt 0:00:41]} e5 {[%emt 0:06:36]} 23. Qd2 {[%emt 0:04:38]} f4 {[%emt 0:11:38]} 24. h4 {[%emt 0:00:17]} Qd6 {[%emt 0:00:10]} 25. f3 {[%emt 0:04:46]} e4 {[%emt 0:05:08]} 26. fxe4 {[%emt 0:01:39]} f3 {[%emt 0:00:04]} 27. e5 {[%emt 0:00:43]} Nxe5 {[%emt 0:00:05]} 28. dxe5 {[%emt 0:05:22]} Qxe5 {[%emt 0:00:04]} 29. Rf2 {[%emt 0:00:21]} fxe2 {[%emt 0:27:07]} 30. Rg2 {[%emt 0:06:04]} 1/2-1/2

[Event "18th Charleroi Open-A 2019"]
[Site "Charleroi"]
[Date "2019.07.29"]
[Round "4.32"]
[White "Van Haelst, Raymond"]
[Black "Oupindrin, Narayanin"]
[Result "1/2-1/2"]
[WhiteElo "1947"]
[BlackElo "2056"]
[Annotator "NA"]
[PlyCount "48"]
[EventDate "2019.07.22"]
[EventType "swiss"]
[EventCountry "BEL"]
[SourceTitle "playchess.com"]
[Source "ChessBase"]
[SourceQuality "1"]
[TimeControl "40/5400+30:1800+30"]

1. d4 {[%emt 0:00:00]} Nf6 {[%emt 0:00:00]} 2. Nf3 {[%emt 0:00:00]} e6 {[%emt 0:00:04]} 3. c4 {[%emt 0:00:34]} Bb4+ {[%emt 0:00:22]} 4. Nbd2 {[%emt 0:00:55]} d5 {[%emt 0:01:48]} 5. a3 {[%emt 0:02:58]} Be7 {[%emt 0:00:13]} 6. g3 {[%emt 0:00:37]} O-O {[%emt 0:02:07]} 7. Bg2 {[%emt 0:00:59]} b6 {[%emt 0:00:51]} 8. O-O {[%emt 0:00:49]} Bb7 {[%emt 0:00:28]} 9. Qc2 {[%emt 0:04:52]} Nbd7 {[%emt 0:03:56]} 10. Ne5 {[%emt 0:03:11]} c5 {[%emt 0:01:23]} 11. cxd5 {[%emt 0:02:39]} exd5 {[%emt 0:01:12]} 12. Nxd7 {[%emt 0:06:01]} Qxd7 {[%emt 0:01:43]} 13. dxc5 {[%emt 0:01:20]} bxc5 {[%emt 0:01:05]} 14. b3 {[%emt 0:01:19]} Rac8 {[%emt 0:06:00]} 15. Rd1 {[%emt 0:04:25]} Qe6 {[%emt 0:06:52]} 16. Bb2 {[%emt 0:04:02]} Rc7 {[%emt 0:03:39]} 17. Nf3 {[%emt 0:02:11]} Ne4 {[%emt 0:14:18]} 18. Nd2 {[%emt 0:10:38]} f5 {[%emt 0:03:56]} 19. Nxe4 {[%emt 0:02:39]} fxe4 {[%emt 0:00:54]} 20. e3 {[%emt 0:00:23]} Bf6 {[%emt 0:00:46]} 21. Rac1 {[%emt 0:03:44]} Bxb2 {[%emt 0:04:35]} 22. Qxb2 {[%emt 0:00:05]} Rcc8 {[%emt 0:04:59]} 23. Rd2 {[%emt 0:47:09]} Ba6 {[%emt 0:40:19]} 24. Rcc2 Bb7 {[%emt 0:00:30]} 1/2-1/2

[Event "18th Charleroi Open-A 2019"]
[Site "Charleroi"]
[Date "2019.07.29"]
[Round "4.33"]
[White "Zamparo, Sergio"]
[Black "Verhalle, Elias"]
[Result "1-0"]
[WhiteElo "2031"]
[BlackElo "1983"]
[Annotator "NA"]
[PlyCount "93"]
[EventDate "2019.07.22"]
[EventType "swiss"]
[EventCountry "BEL"]
[SourceTitle "playchess.com"]
[Source "ChessBase"]
[SourceQuality "1"]
[TimeControl "40/5400+30:1800+30"]

1. e4 {[%emt 0:00:00]} e5 {[%emt 0:00:00]} 2. Nf3 {[%emt 0:01:53]} Nc6 {[%emt 0:00:00]} 3. c3 {[%emt 0:00:39]} Nf6 {[%emt 0:02:50]} 4. d4 {[%emt 0:00:06]} Nxe4 {[%emt 0:00:05]} 5. d5 {[%emt 0:00:06]} Bc5 {[%emt 0:00:23]} 6. dxc6 {[%emt 0:00:10]} Bxf2+ {[%emt 0:00:04]} 7. Ke2 {[%emt 0:00:10]} Bb6 {[%emt 0:00:04]} 8. Qd5 {[%emt 0:04:38]} Nf2 {[%emt 0:00:05]} 9. cxb7 {[%emt 0:39:00]} Bxb7 {[%emt 0:00:06]} 10. Qxb7 {[%emt 0:00:05]} Nxh1 {[%emt 0:00:13]} 11. Bg5 {[%emt 0:03:38]} f6 {[%emt 0:00:11]} 12. Bh4 {[%emt 0:00:25]} c6 {[%emt 0:56:09]} 13. g4 {[%emt 0:06:50]} a5 {[%emt 0:14:50]} 14. Nxe5 {[%emt 0:03:26]} Ra7 {[%emt 0:00:03]} 15. Nxc6 {[%emt 0:01:31]} dxc6 {[%emt 0:00:03]} 16. Qxc6+ {[%emt 0:00:20]} Rd7 {[%emt 0:00:49]} 17. Bg2 {[%emt 0:01:40]} O-O {[%emt 0:00:41]} 18. Bxh1 {[%emt 0:02:21]} Re7+ {[%emt 0:07:44]} 19. Be4 {[%emt 0:00:27]} Rfe8 {[%emt 0:03:43]} 20. Nd2 {[%emt 0:00:12]} Rd7 {[%emt 0:00:26]} 21. Rd1 {[%emt 0:00:43]} Rd6 {[%emt 0:00:12]} 22. Qc4+ {[%emt 0:01:07]} Kh8 {[%emt 0:00:08]} 23. Qa4 {[%emt 0:07:44]} Rde6 {[%emt 0:02:44]} 24. Bf2 {[%emt 0:05:07]} Bxf2 {[%emt 0:02:19]} 25. Kxf2 {[%emt 0:00:03]} Qb6+ {[%emt 0:00:02]} 26. Kf3 {[%emt 0:09:20]} Qc7 {[%emt 0:00:06]} 27. Qb5 {[%emt 0:02:18]} Qxh2 {[%emt 0:02:23]} 28. Qh5 {[%emt 0:00:06]} Qxh5 {[%emt 0:00:53]} 29. gxh5 {[%emt 0:00:03]} Re5 {[%emt 0:00:02]} 30. h6 {[%emt 0:04:02]} gxh6 {[%emt 0:01:08]} 31. c4 {[%emt 0:00:01]} Rd8 {[%emt 0:01:26]} 32. Bd5 {[%emt 0:00:11]} a4 {[%emt 0:01:43]} 33. Rg1 {[%emt 0:00:41]} Rf5+ {[%emt 0:01:31]} 34. Ke4 {[%emt 0:00:13]} Re5+ {[%emt 0:00:03]} 35. Kd3 {[%emt 0:01:01]} Rg5 {[%emt 0:00:45]} 36. Re1 {[%emt 0:00:02]} Rg3+ {[%emt 0:00:37]} 37. Re3 {[%emt 0:00:40]} Rg2 {[%emt 0:00:08]} 38. b4 {[%emt 0:00:44]} axb3 {[%emt 0:00:08]} 39. axb3 {[%emt 0:00:17]} Rg5 {[%emt 0:00:18]} 40. Ne4 {[%emt 0:02:24]} Rf5 {[%emt 0:02:43]} 41. b4 {[%emt 0:31:13]} h5 {[%emt 0:30:36]} 42. b5 {[%emt 0:03:38]} Rfxd5+ {[%emt 0:00:00]} 43. cxd5 {[%emt 0:00:00]} Rxd5+ {[%emt 0:00:00]} 44. Kc4 {[%emt 0:00:00]} Re5 {[%emt 0:00:00]} 45. b6 {[%emt 0:00:00]} f5 {[%emt 0:00:00]} 46. b7 {[%emt 0:00:00]} Re8 {[%emt 0:00:00]} 47. Nd6 {[%emt 0:00:00]} 1-0

[Event "18th Charleroi Open-A 2019"]
[Site "Charleroi"]
[Date "2019.07.29"]
[Round "4.34"]
[White "Guion, Geoffrey"]
[Black "Watelet, Sylvain"]
[Result "1-0"]
[WhiteElo "2006"]
[BlackElo "1961"]
[Annotator "NA"]
[PlyCount "49"]
[EventDate "2019.07.22"]
[EventType "swiss"]
[EventCountry "BEL"]
[SourceTitle "playchess.com"]
[Source "ChessBase"]
[SourceQuality "1"]
[TimeControl "40/5400+30:1800+30"]

1. e4 {[%emt 0:00:00]} d5 {[%emt 0:10:24]} 2. exd5 {[%emt 0:00:00]} Qxd5 {[%emt 0:00:05]} 3. Nc3 {[%emt 0:00:08]} Qa5 {[%emt 0:00:04]} 4. d4 {[%emt 0:00:24]} Nf6 {[%emt 0:00:16]} 5. Bc4 {[%emt 0:01:01]} c6 {[%emt 0:03:41]} 6. Nf3 {[%emt 0:04:38]} Bg4 {[%emt 0:02:37]} 7. O-O {[%emt 0:01:26]} e6 {[%emt 0:00:56]} 8. h3 {[%emt 0:01:18]} Bxf3 {[%emt 0:00:41]} 9. Qxf3 {[%emt 0:00:19]} Bd6 {[%emt 0:03:33]} 10. Ne4 {[%emt 0:02:27]} Nxe4 {[%emt 0:04:36]} 11. Qxe4 {[%emt 0:00:13]} Qc7 {[%emt 0:00:51]} 12. Qg4 {[%emt 0:03:09]} O-O {[%emt 0:09:52]} 13. Re1 {[%emt 0:06:18]} Kh8 {[%emt 0:01:20]} 14. Bd3 {[%emt 0:01:12]} g6 {[%emt 0:01:40]} 15. Bg5 {[%emt 0:05:37]} Be7 {[%emt 0:03:22]} 16. Bh6 {[%emt 0:02:02]} Re8 {[%emt 0:02:53]} 17. Qf3 {[%emt 0:06:12]} Kg8 {[%emt 0:01:48]} 18. Re4 {[%emt 0:01:45]} Nd7 {[%emt 0:01:56]} 19. Rf4 {[%emt 0:02:12]} f5 {[%emt 0:00:52]} 20. Re1 {[%emt 0:06:03]} g5 {[%emt 0:03:49]} 21. Rxf5 {[%emt 0:06:13]} exf5 {[%emt 0:02:04]} 22. Qxf5 {[%emt 0:00:54]} Nf8 {[%emt 0:03:59]} 23. Bc4+ {[%emt 0:02:48]} Kh8 {[%emt 0:01:16]} 24. Qf7 {[%emt 0:04:04]} Ne6 {[%emt 0:02:24]} 25. Rxe6 {[%emt 0:03:19]} 1-0

[Event "18th Charleroi Open-A 2019"]
[Site "Charleroi"]
[Date "2019.07.30"]
[Round "5.2"]
[White "Abdullayev, Elshad"]
[Black "Mirzoev, Azer"]
[Result "0-1"]
[WhiteElo "2204"]
[BlackElo "2474"]
[Annotator "ChessBase"]
[PlyCount "116"]
[EventDate "2019.07.22"]
[EventType "swiss"]
[EventCountry "BEL"]
[SourceTitle "playchess.com"]
[Source "ChessBase"]
[SourceQuality "1"]
[TimeControl "40/5400+30:1800+30"]

1. Nf3 {[%emt 0:02:11]} d5 {[%emt 0:00:00]} 2. d4 {[%emt 0:00:31]} c6 {[%emt 0:01:00]} 3. e3 {[%emt 0:01:25]} Bg4 {[%emt 0:00:19]} 4. c4 {[%emt 0:00:34]} e6 {[%emt 0:00:06]} 5. Nc3 {[%emt 0:01:43]} Nd7 {[%emt 0:00:07]} 6. Bd3 {[%emt 0:02:40]} Ngf6 {[%emt 0:00:33]} 7. h3 {[%emt 0:05:10]} Bh5 {[%emt 0:00:44]} 8. O-O {[%emt 0:00:22]} Be7 {[%emt 0:00:56]} 9. b3 {[%emt 0:01:26]} O-O {[%emt 0:00:20]} 10. Bb2 {[%emt 0:01:54]} Re8 {[%emt 0:02:37]} 11. e4 {[%emt 0:13:06]} dxe4 {[%emt 0:01:13]} 12. Nxe4 {[%emt 0:01:22]} Nxe4 {[%emt 0:00:06]} 13. Bxe4 {[%emt 0:00:03]} Nf6 {[%emt 0:00:10]} 14. Bc2 {[%emt 0:00:22]} a5 {[%emt 0:00:15]} 15. Qe2 {[%emt 0:01:24]} Qc7 {[%emt 0:09:54]} 16. Qe3 {[%emt 0:06:32]} Bg6 {[%emt 0:00:09]} 17. Bxg6 {[%emt 0:01:49]} hxg6 {[%emt 0:00:06]} 18. Ne5 {[%emt 0:02:49]} a4 {[%emt 0:00:43]} 19. Qf3 {[%emt 0:00:29]} Red8 {[%emt 0:04:34]} 20. g4 {[%emt 0:06:48]} Bd6 {[%emt 0:04:05]} 21. Rfe1 {[%emt 0:18:27]} c5 {[%emt 0:05:31]} 22. dxc5 {[%emt 0:11:26]} Bxc5 {[%emt 0:00:24]} 23. Rad1 {[%emt 0:05:47]} axb3 {[%emt 0:02:34]} 24. axb3 {[%emt 0:00:29]} g5 {[%emt 0:10:03]} 25. Kg2 {[%emt 0:09:07]} Bb4 {[%emt 0:06:19]} 26. Rxd8+ {[%emt 0:00:41]} Rxd8 {[%emt 0:00:33]} 27. Rd1 {[%emt 0:00:04]} Rxd1 {[%emt 0:01:50]} 28. Qxd1 {[%emt 0:00:05]} Bd6 {[%emt 0:00:43]} 29. Qd4 {[%emt 0:02:11]} Bc5 {[%emt 0:00:51]} 30. Qd3 {[%emt 0:01:36]} Qb6 {[%emt 0:04:56]} 31. Qf3 {[%emt 0:00:42]} Bd6 {[%emt 0:00:44]} 32. h4 {[%emt 0:02:03]} Bxe5 {[%emt 0:03:46]} 33. Bxe5 {[%emt 0:00:04]} Nd7 {[%emt 0:00:06]} 34. Bg3 {[%emt 0:00:59]} gxh4 {[%emt 0:00:26]} 35. Bxh4 {[%emt 0:00:01]} Ne5 {[%emt 0:00:23]} 36. Qe4 {[%emt 0:00:23]} Ng6 {[%emt 0:00:22]} 37. Bg3 {[%emt 0:00:15]} Qxb3 {[%emt 0:00:21]} 38. f4 {[%emt 0:00:23]} Qb2+ {[%emt 0:03:48]} 39. Kh3 {[%emt 0:00:53]} Nf8 {[%emt 0:03:22]} 40. f5 {[%emt 0:01:04]} Qb6 {[%emt 0:00:04]} 41. Bf4 {[%emt 0:30:37]} Qc6 {[%emt 0:30:55]} 42. Qxc6 {[%emt 0:00:31]} bxc6 {[%emt 0:00:06]} 43. Bc7 {[%emt 0:00:00]} g6 {[%emt 0:00:00]} 44. fxg6 {[%emt 0:00:00]} f6 {[%emt 0:00:00]} 45. Kg3 {[%emt 0:00:00]} Kg7 {[%emt 0:00:00]} 46. Kf4 {[%emt 0:00:00]} Nd7 {[%emt 0:00:00]} 47. Ke4 {[%emt 0:02:20]} Kxg6 {[%emt 0:00:00]} 48. Bf4 {[%emt 0:00:09]} Nc5+ {[%emt 0:00:31]} 49. Kd4 {[%emt 0:00:12]} e5+ {[%emt 0:09:12]} 50. Bxe5 {[%emt 0:00:06]} Nb3+ {[%emt 0:00:07]} 51. Ke4 {[%emt 0:01:39]} fxe5 {[%emt 0:01:06]} 52. Kxe5 {[%emt 0:00:12]} Kg5 {[%emt 0:01:58]} 53. c5 {[%emt 0:00:27]} Kxg4 {[%emt 0:00:09]} 54. Kd6 {[%emt 0:00:09]} Nd4 {[%emt 0:00:33]} 55. Ke5 {[%emt 0:00:04]} Nb5 {[%emt 0:00:18]} 56. Ke4 {[%emt 0:00:07]} Kg3 {[%emt 0:00:24]} 57. Ke3 {[%emt 0:00:04]} Kg2 {[%emt 0:00:16]} 58. Ke2 {[%emt 0:00:26]} Kg1 {[%emt 0:00:09]} 0-1

[Event "18th Charleroi Open-A 2019"]
[Site "Charleroi"]
[Date "2019.07.30"]
[Round "5.3"]
[White "Gutenev, Alexander"]
[Black "De Waele, Warre"]
[Result "1-0"]
[WhiteElo "2470"]
[BlackElo "2225"]
[Annotator "ChessBase"]
[PlyCount "45"]
[EventDate "2019.07.22"]
[EventType "swiss"]
[EventCountry "BEL"]
[SourceTitle "playchess.com"]
[Source "ChessBase"]
[SourceQuality "1"]
[TimeControl "40/5400+30:1800+30"]

1. e4 {[%emt 0:00:12]} e5 {[%emt 0:00:00]} 2. Nf3 {[%emt 0:00:10]} Nc6 {[%emt 0:00:00]} 3. Bb5 {[%emt 0:00:03]} a6 {[%emt 0:00:00]} 4. Ba4 {[%emt 0:00:03]} Nf6 {[%emt 0:00:04]} 5. O-O {[%emt 0:00:06]} Be7 {[%emt 0:00:23]} 6. d3 {[%emt 0:00:59]} b5 {[%emt 0:01:14]} 7. Bb3 {[%emt 0:00:05]} O-O {[%emt 0:01:16]} 8. Nc3 {[%emt 0:00:22]} d6 {[%emt 0:00:27]} 9. a3 {[%emt 0:00:06]} Bg4 {[%emt 0:01:22]} 10. Be3 {[%emt 0:00:25]} Nd4 {[%emt 0:00:13]} 11. Bxd4 {[%emt 0:00:07]} exd4 {[%emt 0:00:06]} 12. Nd5 {[%emt 0:00:13]} Nxd5 {[%emt 0:00:42]} 13. Bxd5 {[%emt 0:00:12]} Rc8 {[%emt 0:00:11]} 14. h3 {[%emt 0:06:19]} Bd7 {[%emt 0:00:07]} 15. Nd2 {[%emt 0:08:22]} c6 {[%emt 0:10:09]} 16. Bb3 {[%emt 0:00:22]} Re8 {[%emt 0:11:03]} 17. a4 {[%emt 0:00:27]} Bf6 {[%emt 0:01:00]} 18. f4 {[%emt 0:01:16]} c5 {[%emt 0:04:17]} 19. Qh5 {[%emt 0:09:46]} g6 {[%emt 0:07:30]} 20. Bxf7+ {[%emt 0:17:41]} Kxf7 {[%emt 0:03:28]} 21. Qxh7+ {[%emt 0:00:10]} Kf8 {[%emt 0:08:36]} 22. e5 {[%emt 0:02:24]} Bg7 {[%emt 0:09:56]} 23. Ne4 {[%emt 0:03:07]} 1-0

[Event "18th Charleroi Open-A 2019"]
[Site "Charleroi"]
[Date "2019.07.30"]
[Round "5.4"]
[White "Miezis, Normunds"]
[Black "Gijsen, Stief"]
[Result "1-0"]
[WhiteElo "2495"]
[BlackElo "2227"]
[Annotator "ChessBase"]
[PlyCount "93"]
[EventDate "2019.07.22"]
[EventType "swiss"]
[EventCountry "BEL"]
[SourceTitle "playchess.com"]
[Source "ChessBase"]
[SourceQuality "1"]
[TimeControl "40/5400+30:1800+30"]

1. c4 {[%emt 0:00:00]} e5 {[%emt 0:00:00]} 2. g3 {[%emt 0:00:47]} Nf6 {[%emt 0:00:23]} 3. Bg2 {[%emt 0:00:15]} d5 {[%emt 0:00:07]} 4. cxd5 {[%emt 0:00:12]} Nxd5 {[%emt 0:00:06]} 5. Nc3 {[%emt 0:00:13]} Nb6 {[%emt 0:00:16]} 6. Nf3 {[%emt 0:00:24]} Nc6 {[%emt 0:00:28]} 7. Rb1 {[%emt 0:01:12]} a5 {[%emt 0:00:38]} 8. O-O {[%emt 0:01:10]} Be7 {[%emt 0:00:36]} 9. b3 {[%emt 0:01:24]} O-O {[%emt 0:00:11]} 10. Bb2 {[%emt 0:00:27]} Bg4 {[%emt 0:00:17]} 11. d3 {[%emt 0:04:13]} Qd7 {[%emt 0:07:26]} 12. Na4 {[%emt 0:01:44]} Nxa4 {[%emt 0:03:54]} 13. bxa4 {[%emt 0:00:09]} Qe6 {[%emt 0:06:17]} 14. Qb3 {[%emt 0:08:52]} Qxb3 {[%emt 0:04:14]} 15. axb3 {[%emt 0:00:10]} f6 {[%emt 0:15:22]} 16. Rfc1 {[%emt 0:02:48]} Rac8 {[%emt 0:00:36]} 17. h3 {[%emt 0:00:44]} Bh5 {[%emt 0:02:19]} 18. g4 {[%emt 0:00:24]} Bf7 {[%emt 0:03:10]} 19. Nd2 {[%emt 0:01:04]} Bb4 {[%emt 0:04:05]} 20. Nc4 {[%emt 0:02:33]} Rcd8 {[%emt 0:03:03]} 21. Bxc6 {[%emt 0:20:35]} bxc6 {[%emt 0:00:03]} 22. Bc3 {[%emt 0:00:33]} Bxc4 {[%emt 0:08:42]} 23. Bxb4 {[%emt 0:01:35]} Bxd3 {[%emt 0:00:05]} 24. Bxf8 {[%emt 0:01:18]} Bxb1 {[%emt 0:00:05]} 25. Bxg7 {[%emt 0:00:20]} Kxg7 {[%emt 0:00:38]} 26. Rxb1 {[%emt 0:00:10]} Rb8 {[%emt 0:05:32]} 27. Kg2 {[%emt 0:00:31]} Kg6 {[%emt 0:01:38]} 28. e3 {[%emt 0:00:40]} f5 {[%emt 0:14:34]} 29. Kg3 {[%emt 0:09:03]} fxg4 {[%emt 0:05:38]} 30. hxg4 {[%emt 0:00:47]} c5 {[%emt 0:09:36]} 31. Rc1 {[%emt 0:01:48]} Rb6 {[%emt 0:05:31]} 32. b4 Rxb4 {[%emt 0:00:00]} 33. Rc4 {[%emt 0:40:25]} Rb3 34. Rxc5 {[%emt 0:00:00]} Ra3 {[%emt 0:00:00]} 35. Rxe5 {[%emt 0:00:00]} Rxa4 {[%emt 0:00:00]} 36. Rc5 {[%emt 0:00:00]} Ra2 {[%emt 0:00:18]} 37. Rc6+ {[%emt 0:00:00]} Kg7 {[%emt 0:00:04]} 38. Rxc7+ {[%emt 0:00:00]} Kg6 {[%emt 0:00:03]} 39. f4 {[%emt 0:00:00]} a4 {[%emt 0:00:32]} 40. f5+ {[%emt 0:00:00]} Kh6 {[%emt 0:00:31]} 41. Ra7 {[%emt 0:09:00]} a3 {[%emt 0:30:48]} 42. Kf4 {[%emt 0:00:51]} Rf2+ {[%emt 0:00:24]} 43. Ke5 {[%emt 0:00:32]} a2 {[%emt 0:00:22]} 44. Kf6 {[%emt 0:02:17]} Rg2 {[%emt 0:00:00]} 45. e4 {[%emt 0:00:00]} a1=Q+ {[%emt 0:00:00]} 46. Rxa1 {[%emt 0:00:00]} Rg1 {[%emt 0:00:00]} 47. g5+ {[%emt 0:00:00]} 1-0

[Event "18th Charleroi Open-A 2019"]
[Site "Charleroi"]
[Date "2019.07.30"]
[Round "5.5"]
[White "Maerevoet, Sim"]
[Black "Verheyen, Olivier"]
[Result "1-0"]
[WhiteElo "2321"]
[BlackElo "2200"]
[Annotator "NA"]
[PlyCount "61"]
[EventDate "2019.07.22"]
[EventType "swiss"]
[EventCountry "BEL"]
[SourceTitle "playchess.com"]
[Source "ChessBase"]
[SourceQuality "1"]
[TimeControl "40/5400+30:1800+30"]

1. d4 {[%emt 0:00:00]} Nf6 {[%emt 0:00:00]} 2. c4 {[%emt 0:00:00]} g6 {[%emt 0:00:15]} 3. Nc3 {[%emt 0:00:00]} Bg7 {[%emt 0:00:02]} 4. e4 {[%emt 0:00:00]} d6 {[%emt 0:00:03]} 5. Bd3 {[%emt 0:00:08]} O-O {[%emt 0:03:53]} 6. Nge2 {[%emt 0:00:35]} e5 {[%emt 0:02:39]} 7. d5 {[%emt 0:00:08]} Nh5 {[%emt 0:11:00]} 8. O-O {[%emt 0:00:18]} f5 {[%emt 0:03:07]} 9. exf5 {[%emt 0:00:21]} gxf5 {[%emt 0:02:17]} 10. f3 {[%emt 0:00:07]} a5 {[%emt 0:15:07]} 11. a3 {[%emt 0:02:53]} Rf7 {[%emt 0:06:58]} 12. Be3 {[%emt 0:04:29]} Qf8 {[%emt 0:03:45]} 13. Qd2 {[%emt 0:01:11]} Nd7 {[%emt 0:05:17]} 14. Rad1 {[%emt 0:19:55]} Nc5 {[%emt 0:10:52]} 15. Bc2 {[%emt 0:01:12]} Bd7 {[%emt 0:02:18]} 16. b4 {[%emt 0:04:00]} axb4 {[%emt 0:00:47]} 17. axb4 {[%emt 0:00:25]} Na4 {[%emt 0:00:37]} 18. Ra1 {[%emt 0:12:17]} Nxc3 {[%emt 0:02:31]} 19. Nxc3 {[%emt 0:00:24]} Rxa1 {[%emt 0:03:20]} 20. Re1 {[%emt 0:51:37]} Rb1 21. Rxb1 {[%emt 0:00:00]} e4 {[%emt 0:02:29]} 22. Ra1 {[%emt 0:00:00]} Nf6 {[%emt 0:08:12]} 23. f4 {[%emt 0:00:00]} Nh5 {[%emt 0:14:06]} 24. h3 {[%emt 0:00:00]} Nf6 {[%emt 0:00:40]} 25. Bb3 {[%emt 0:00:00]} Ne8 {[%emt 0:01:28]} 26. c5 {[%emt 0:00:00]} Bf6 {[%emt 0:00:39]} 27. Ra8 {[%emt 0:00:00]} Kg7 {[%emt 0:00:32]} 28. Rb8 {[%emt 0:00:00]} Kg6 {[%emt 0:00:27]} 29. Rxb7 {[%emt 0:00:00]} Qg7 {[%emt 0:00:09]} 30. Ne2 {[%emt 0:00:00]} Re7 {[%emt 0:00:49]} 31. c6 {[%emt 0:00:00]} 1-0

[Event "18th Charleroi Open-A 2019"]
[Site "Charleroi"]
[Date "2019.07.30"]
[Round "5.6"]
[White "Faybish, Nimrod"]
[Black "Capone, Nicola"]
[Result "0-1"]
[WhiteElo "2220"]
[BlackElo "2297"]
[Annotator "NA"]
[PlyCount "85"]
[EventDate "2019.07.22"]
[EventType "swiss"]
[EventCountry "BEL"]
[SourceTitle "playchess.com"]
[Source "ChessBase"]
[SourceQuality "1"]
[TimeControl "40/5400+30:1800+30"]

1. d4 {[%emt 0:00:00]} Nf6 {[%emt 0:00:00]} 2. c4 {[%emt 0:00:00]} g6 {[%emt 0:00:00]} 3. Nc3 {[%emt 0:00:00]} d5 {[%emt 0:00:00]} 4. Bg5 {[%emt 0:00:00]} Bg7 {[%emt 0:00:00]} 5. Nf3 {[%emt 0:00:08]} Ne4 {[%emt 0:00:03]} 6. Bh4 {[%emt 0:00:07]} Nxc3 {[%emt 0:00:17]} 7. bxc3 {[%emt 0:00:04]} dxc4 {[%emt 0:00:08]} 8. e3 {[%emt 0:00:38]} b5 {[%emt 0:00:32]} 9. a4 {[%emt 0:04:35]} c6 {[%emt 0:00:05]} 10. e4 {[%emt 0:12:01]} O-O {[%emt 0:07:57]} 11. Be2 {[%emt 0:04:09]} a6 {[%emt 0:07:55]} 12. O-O {[%emt 0:00:31]} Bb7 {[%emt 0:03:10]} 13. Qd2 {[%emt 0:08:18]} Re8 {[%emt 0:16:46]} 14. Rad1 {[%emt 0:27:54]} Nd7 {[%emt 0:01:33]} 15. e5 {[%emt 0:05:30]} f6 {[%emt 0:07:51]} 16. Bg3 {[%emt 0:00:38]} c5 {[%emt 0:27:35]} 17. d5 {[%emt 0:02:57]} Nxe5 {[%emt 0:07:41]} 18. Nxe5 {[%emt 0:06:53]} fxe5 {[%emt 0:17:27]} 19. Bf3 {[%emt 0:08:16]} Qd6 {[%emt 0:07:29]} 20. Qb2 {[%emt 0:03:19]} b4 {[%emt 0:00:18]} 21. a5 {[%emt 0:01:02]} Rab8 {[%emt 0:01:03]} 22. Qe2 {[%emt 0:00:14]} Bc8 {[%emt 0:00:25]} 23. Qxc4 {[%emt 0:00:53]} Bd7 {[%emt 0:00:08]} 24. Rfe1 {[%emt 0:01:57]} Rb5 {[%emt 0:02:10]} 25. cxb4 {[%emt 0:01:30]} cxb4 {[%emt 0:00:11]} 26. Rb1 {[%emt 0:01:34]} Reb8 {[%emt 0:00:47]} 27. Qb3 {[%emt 0:05:13]} Rc8 {[%emt 0:06:40]} 28. h4 {[%emt 0:01:01]} Rc3 {[%emt 0:00:36]} 29. Qb2 {[%emt 0:00:13]} Bf5 {[%emt 0:00:11]} 30. Ra1 {[%emt 0:01:04]} Bf6 {[%emt 0:00:23]} 31. Be4 {[%emt 0:00:43]} Kg7 {[%emt 0:01:12]} 32. f3 {[%emt 0:00:10]} Bxe4 {[%emt 0:00:21]} 33. Rxe4 {[%emt 0:04:58]} Qxd5 {[%emt 0:00:03]} 34. Bf2 {[%emt 0:00:56]} Rc4 {[%emt 0:00:54]} 35. Qe2 {[%emt 0:04:53]} Rxe4 {[%emt 0:01:24]} 36. fxe4 {[%emt 0:00:04]} Qc6 {[%emt 0:00:08]} 37. h5 {[%emt 0:02:02]} b3 {[%emt 0:00:07]} 38. Be3 {[%emt 0:00:39]} Kf7 {[%emt 0:00:27]} 39. Rb1 {[%emt 0:00:28]} Qxe4 {[%emt 0:00:52]} 40. Rb2 {[%emt 0:02:14]} Qd5 {[%emt 0:00:05]} 41. Rd2 {[%emt 0:03:05]} Qd4 {[%emt 0:32:59]} 42. Rd3 Qxd3 {[%emt 0:00:00]} 43. Bd2 {[%emt 0:29:23]} 0-1